000 00669cam a22002293a 4500
001 14681
003 PGUSA
005 20140828083320.0
008 050113s2005||||xxu|||||s|||||000 | eng d
040 _aPGUSA
_beng
042 _adc
050 4 _aG
100 1 _aGalton, Francis,
_d1822-1911
245 1 4 _aThe Art of Travel :
_bOr, Shifts and Contrivances Available in Wild Countries
_h[electronic resource] /
_cFrancis Galton
260 _bProject Gutenberg,
_c2005
506 _aPublic domain in the USA.
516 _aElectronic text
653 _aTravel
830 0 _aProject Gutenberg
_v14681
856 4 0 _uhttp://www.gutenberg.org/ebooks/14681
942 _cEB
999 _c243936
_d243936